| 000 | 00699nam a2200181Ia 4500 | ||
|---|---|---|---|
| 003 | GCL | ||
| 008 | 140319s9999 xx 000 0 ara d | ||
| 040 |
_aGCL / _cGCL |
||
| 082 | 0 | 4 |
_a42103 _bد ك |
| 100 | 1 | _aابن دريد : ابو بكر محمد بن الحسن بن دريد بن عتاهية بن خيثم الازدى المصرى | |
| 245 | 1 | 0 |
_aكياب الملاحن / _cابن دريد : ابو بكر محمد بن الحسن بن دريد بن عتاهية بن خيثم الازدى المصرى |
| 300 | _a243 ص | ||
| 490 | _a | ||
| 650 | 0 | 4 | _aاللغة العربية |
| 650 | 0 | 4 | _aالالفاظ العربية |
| 650 | 0 | 4 | _aالالفاظ والمعانى |
| 942 |
_2ddc _cBK |
||
| 999 |
_c44487 _d44487 |
||